000 00397nam a2200145Ia 4500
008 210210b1977 xxu||||| |||| 00| 0 eng d
082 _a796.83092 ATYM
100 _aATYEO (Don) and DENNIS (Felix).
245 _amuhammad Ali: with 110 photographs.
260 _aDelhi.
_bHind Pocket Book Pvt., Ltd.,
_c1977
300 _a299
650 _aBoxer Boxing
690 _aBiography
906 _a034533
999 _c85066
_d85066